Alle PDC Darts Turniersieger 2015 - Statistiken

Allgemein
  • Dieses Quiz wurde 64 mal gespielt
  • Das Durchschnittsergebnis liegt bei 43 aus 51
Antwortstatistiken
Turnier Land Dartsspieler % Korrekt
World Darts Championship Schottland Gary Anderson
98%
PDPA Players Championship Barnsley 1 Schottland Gary Anderson
98%
Premier League Schottland Gary Anderson
98%
PDPA Players Championship Coventry 5 Schottland Gary Anderson
98%
The Masters Niederlande Michael van Gerwen
98%
UK Open Qualifier 2 Niederlande Michael van Gerwen
98%
UK Open Qualifier 3 Niederlande Michael van Gerwen
98%
PDC German Darts Championship Niederlande Michael van Gerwen
98%
UK Open Qualifier 4 Niederlande Michael van Gerwen
98%
UK Open Niederlande Michael van Gerwen
98%
PDC Gibraltar Darts Trophy Niederlande Michael van Gerwen
98%
PDC German Darts Masters Niederlande Michael van Gerwen
98%
PDPA Players Championship Barnsley 4 Niederlande Michael van Gerwen
98%
PDPA Players Championship Coventry 1 Niederlande Michael van Gerwen
98%
Dubai Masters Niederlande Michael van Gerwen
98%
PDC Dutch Darts Masters Niederlande Michael van Gerwen
98%
World Matchplay Niederlande Michael van Gerwen
98%
PDC European Matchplay England Michael van Gerwen
98%
European Championship Niederlande Michael van Gerwen
98%
Grand Slam Of Darts Niederlande Michael van Gerwen
98%
World Series Of Darts Finals Niederlande Michael van Gerwen
98%
Players Championship Finals Niederlande Michael van Gerwen
98%
PDPA Players Championship Coventry 2 Schottland Peter Wright
98%
PDPA Players Championship Barnsley 7 Schottland Peter Wright
98%
PDPA Players Championship Coventry 4 Schottland Peter Wright
98%
PDC Youth World Championship Deutschland Max Hopp
93%
PDPA Players Championship Barnsley 2 England James Wade
88%
PDPA Players Championship Wigan 1 England James Wade
88%
UK Open Qualifier 6 England Phil Taylor
88%
PDPA Players Championship Crawley 1 England Phil Taylor
88%
Japan Darts Masters England Phil Taylor
88%
Perth Masters England Phil Taylor
88%
Sydney Masters England Phil Taylor
88%
UK Open Qualifier 1 England Adrian Lewis
86%
PDPA Players Championship Barnsley 3 England Adrian Lewis
86%
PDPA Players Championship Barnsley 5 England Adrian Lewis
86%
Auckland Masters England Adrian Lewis
86%
PDC European Darts Grand Prix Belgien Kim Huybrechts
81%
UK Open Qualifier 5 England Michael Smith
79%
PDC International Darts Open England Michael Smith
79%
PDC European Darts Trophy England Michael Smith
79%
PDC European Darts Open Schottland Robert Thornton
72%
World Grand Prix Schottland Robert Thornton
72%
PDPA Players Championship Barnsley 6 England Dave Chisnall
65%
PDPA Players Championship Ireland 1 England Ian White
53%
PDPA Players Championship Wigan 2 Niederlande Jelle Klaasen
53%
PDPA Players Championship Barnsley 9 Niederlande Jelle Klaasen
53%
PDPA Players Championship Barnsley 8 England Terry Jenkins
30%
PDPA Players Championship Coventry 3 England Keegan Brown
21%
PDPA Players Championship Ireland 2 England Alan Norris
16%
PDPA Players Championship Crawley 2 England Joe Murnan
0%
Keine übereinstimmenden Quizze gefunden
Verteilung der Resultate
Anzahl Personen mit jedem Resultat
Perzentil nach korrekt beantworteten Fragen
Ihre Resultats-Entwicklung
Sie haben dieses Quiz noch nicht gespielt